VENTILATION POLLUTION HAZARD OF EPLATION OF OZONE BY CFC'S OF REFRIGERATS (Record no. 574777)
[ view plain ]
| 000 -LEADER | |
|---|---|
| fixed length control field | 00325nam a22001097a 4500 |
| 082 ## - DEWEY DECIMAL CLASSIFICATION NUMBER | |
| Classification number | 665.89 HAB'V |
| 100 ## - MAIN ENTRY--PERSONAL NAME | |
| Personal name | SHER, A. KHAN, HABIBULLAH, DR. P |
| 9 (RLIN) | 66915 |
| 245 ## - TITLE STATEMENT | |
| Title | VENTILATION POLLUTION HAZARD OF EPLATION OF OZONE BY CFC'S OF REFRIGERATS |
| 260 ## - PUBLICATION, DISTRIBUTION, ETC. | |
| Place of publication, distribution, etc. | PAKISTAN |
| Name of publisher, distributor, etc. | PAKISTAN STUDY CENTRE |
| Date of publication, distribution, etc. | 1993 |
| 300 ## - PHYSICAL DESCRIPTION | |
| Extent | 72P |
| 942 ## - ADDED ENTRY ELEMENTS (KOHA) | |
| Koha item type | Book |
| Withdrawn status | Lost status | Damaged status | Not for loan | Permanent Location | Current Location | Shelving location | Date acquired | Total Checkouts | Full call number | Barcode | Date last seen | Price effective from | Koha item type |
|---|---|---|---|---|---|---|---|---|---|---|---|---|---|
| College of Electrical & Mechanical Engineering (CEME) | College of Electrical & Mechanical Engineering (CEME) | General Stacks | 07/31/2017 | 665.89 HAB'V | CEME-27501 | 06/28/2021 | 06/28/2021 | Book |
